000 00697nam a2200217 4500
005 20241022144034.0
010 _aENG-142262
020 _c225.00
_a9789391597184
035 _aEN-125794
037 _bDBAD
082 _a338.47
100 _aPandey, Kapil
_973158
245 _aIndustry Jargon/
_bKapil Pandey, Vyomkesh Bhatt And V. K. SIngh
250 _aFirst
260 _bMisha Books
_aNew Delhi
_c2022
270 _a2356, 2nd Floor, Hudson Line, Guru Tegbahdur Nagar,
_bNew Delhi
_e110009
_mmishabooks2018@gmail.com
_k9654444181
300 _a60p.
_c22cm(pb)
700 _aVyomkesh Bhatt
_973159
700 _aV. K. Singh
_973160
942 _2ddc
_cEN
_h338.47
_mIND
_e2022
999 _c206575
_d206575